000 00708nam a2200205Ii 4500
003 JO-AjNU
008 230605s9999||||xx |||||||||||||| ||und||
040 _aJO-AjNU
_bara
_erda
_cJO-AjNU
041 _aara
050 1 4 _aPN2971 1997
100 3 _aجركس، رياض,
_eauthor
_916105
245 0 0 _aنجوم الكوميديا: السيرة الحزينة
250 _aط1
264 3 1 _aبيروت: مؤسسة الإنتشار العربي، 1997
300 _a220ص
336 _atext
_btxt
_2rdacontent
337 _aunmediated
_bn
_2rdamedia
338 _avolume
_bnc
_2rdacarrier
650 4 _aالتمثيل - الكوميديا - فنانين عرب - تراجم - السيرة الذاتية
_916106
999 _aA4699
_c8267
_d8267